[Event "Portela Memorial tt"]
[Site "Havana"]
[Date "2018.07.19"]
[Round "3.5"]
[White "De la Guardia Diaz, Susana Hilda"]
[Black "Walker Gomez, Cristobal Newton"]
[Result "0-1"]
[WhiteElo "1951"]
[BlackElo "1916"]
[PlyCount "48"]
[EventDate "2018.07.16"]
[EventType "team-tourn"]
[EventRounds "9"]
[EventCountry "CUB"]
[SourceTitle "EXT 2021"]
[Source "ChessBase"]
[SourceDate "2020.10.23"]
[SourceVersion "1"]
[SourceVersionDate "2020.10.23"]
[SourceQuality "1"]

1. e4 g6 2. d4 Bg7 3. Nf3 d6 4. Bc4 Nf6 5. Nc3 0-0 6. 0-0 Bg4 7. h3 Bxf3 8. Qxf3 Nc6 9. Be3 e5 10. d5 Nd4 11. Qd1 Re8 12. Nb5 Nxe4 13. Nxd4 exd4 14. Bxd4 Bxd4 15. Qxd4 Qg5 16. Rad1 a6 17. Rfe1 f5 18. Be2 Qh6 19. c3 Ng5 20. Kf1 Re4 21. Qd2 Qh4 22. Bd3 Nf3 23. gxf3 Qxh3+ 24. Kg1 Rh4 0-1